Studená vojna sa vracia

Rozhodnutie Vladimíra Putina o pozastavení plnenia dohody o likvidácii plutónia využiteľného na zbrojné účely. Mrazivý dych studenej vojny. Vojenskopolitické ultimáta, aké zvykne klásť víťaz porazenému. Zdrvujúce podmienky. Pritvrdenie voči USA vnáša do rusko-amerického mocenského zápolenia ďalší pr...

ver descrição completa

Na minha lista:
Detalhes bibliográficos
Autor principal: Pressburg, Adrian Peter
Formato: Capítulo de Livro
Idioma:eslovaco
Assuntos:
Tags: Adicionar Tag
Sem tags, seja o primeiro a adicionar uma tag!

MARC

LEADER 00000naa a2200000 4500
001 0224393
005 20231113105911.3
041 0 |a slo 
044 |a SK 
245 1 0 |a Studená vojna sa vracia  |c Adrian Peter Pressburg 
520 |a Rozhodnutie Vladimíra Putina o pozastavení plnenia dohody o likvidácii plutónia využiteľného na zbrojné účely. Mrazivý dych studenej vojny. Vojenskopolitické ultimáta, aké zvykne klásť víťaz porazenému. Zdrvujúce podmienky. Pritvrdenie voči USA vnáša do rusko-amerického mocenského zápolenia ďalší prvok napätia. 
610 2 0 |a vzťahy zahraničné 
610 2 0 |a vzťahy medzinárodné 
610 2 0 |a politika zahraničná 
610 2 0 |a zbrojenie 
610 2 0 |a zbrane 
610 2 0 |a Rusko 
610 2 0 |a USA 
100 1 |a Pressburg, Adrian Peter